Guess the 1970s song lyrics #22 - Statistics

General Stats
  • This quiz has been taken 58 times
  • The average score is 162 of 297
Answer Stats
Answer % Correct
I
98%
a
94%
you
92%
the
90%
The
90%
me
88%
be
84%
And
82%
and
82%
to
82%
we
82%
It
80%
it
80%
my
80%
so
80%
can
78%
in
78%
In
78%
is
78%
your
78%
On
71%
that
71%
for
67%
have
67%
why
67%
will
67%
by
63%
I'll
63%
never
63%
win
63%
All
61%
all
61%
men
61%
one
61%
don't
59%
of
59%
out
59%
There
59%
think
59%
us
59%
were
59%
take
57%
As
55%
at
55%
long
53%
Oh
53%
down
51%
Like
51%
like
51%
was
51%
again
49%
dark
49%
Cause
47%
took
47%
life
45%
Someone
45%
sing
43%
you'll
43%
You'll
43%
dance
41%
from
39%
Park
39%
rain
39%
left
37%
recipe
37%
their
35%
bake
33%
love's
33%
loves
33%
melting
33%
song
33%
cake
31%
let
31%
MacArthur's
31%
yeah
31%
sweet
29%
green
27%
hands
27%
icing
27%
into
27%
old
27%
after
24%
After
24%
flow
24%
flowing
24%
while
24%
still
22%
things
22%
another
20%
dream
20%
eyes
20%
sun
20%
looking
18%
Spring
18%
step
18%
waiting
18%
birds
16%
checkers
16%
playing
16%
trees
16%
use
16%
ahead
14%
babies
14%
Chinese
14%
cotton
14%
dress
14%
ground
14%
lose
14%
ran
14%
tender
14%
wave
14%
yellow
14%
beneath
12%
catch
12%
Foaming
12%
followed
12%
knees
12%
recall
12%
ask
10%
Between
10%
drink
10%
hot
10%
sky
10%
wine
10%
bring
8%
dear
8%
desire
8%
myself
8%
warm
8%
pair
6%
pants
6%
rivers
6%
striped
6%
worship
6%
fevered
4%
iron
4%
pages
4%
parted
4%
passion
4%
pressed
4%
No matching quizzes found
Score Distribution
Percent of People with Each Score
Percentile by Number Answered
Your Score History
You have not taken this quiz